000 01137nab a22002297a 4500
999 _c6215
_d6215
003 OSt
005 20260126000947.0
008 190514b xxu||||| |||| 00| 0 spa d
040 _cPJ
100 _96940
_aTagliani, María Soledad
245 1 3 _aLa naturalización de algunas formas de violencia obstétrica :
_bun fallo emblemático /
_cMaría Soledad Tagliani.
300 _ap. 120-131
500 _aCita: TR LALEY AR/DOC/1514/2024.
505 _aSumario: I. El caso.— II. Breves referencias acerca de la violencia obstétrica y sus modalidades.— III. Valoración de los medios probatorios en estos supuestos.— IV. Palabras finales.
505 _tFallo comentado: CCiv., Com. y Minería, General Roca ~ 01/02/2024 ~ M. M. M. c. H. J. O. Y. O. s/ violencia (f).
650 0 _9967
_aDERECHO DE FAMILIA
650 0 _94044
_aPERSPECTIVA DE GÉNERO
650 0 _95034
_aVIOLENCIA OBSTÉTRICA
650 0 _91057
_aJURISPRUDENCIA APLICABLE
773 0 _02844
_93222
_dBuenos Aires : AbeledoPerrot, 1989-
_tDerecho de familia. Revista Interdisciplinaria de doctrina y jurisprudencia. Agosto 2024-IV.
_z18511201
942 _2udc
_cANA